000 00232nam a22001097a 4500
082 _a954.7JAM
100 _aJameel Jalibi
245 _apakistan the identity of culture
260 _aKarachi
_c1984
300 _a212
942 _cBK
999 _c14107
_d14107